[Event "Foment Martinenc op-C 21st"]
[Site "Barcelona"]
[Date "2019.05.18"]
[Round "4"]
[White "Carbajal Gutierrez, Sergi Robert"]
[Black "Medinilla Moya, Dafne"]
[Result "0-1"]
[WhiteElo "1835"]
[BlackElo "1671"]
[PlyCount "112"]
[EventDate "2019.04.27"]
[EventType "swiss"]
[EventRounds "9"]
[EventCountry "ESP"]
[SourceTitle "EXT 2020"]
[Source "ChessBase"]
[SourceDate "2019.10.17"]
[SourceVersion "1"]
[SourceVersionDate "2019.10.17"]
[SourceQuality "1"]

1. d4 d5 2. c4 e6 3. Nc3 Nf6 4. Bg5 Be7 5. Nf3 0-0 6. e3 b6 7. cxd5 exd5 8. Bd3 Bb7 9. Qc2 Nbd7 10. Ne5 h6 11. Nxd7 Qxd7 12. Bf4 c5 13. 0-0 cxd4 14. exd4 Qg4 15. Be5 g6 16. h3 Qd7 17. Bxg6 fxg6 18. Qxg6+ Kh8 19. Qxh6+ Kg8 20. Qg6+ Kh8 21. g4 Qe8 22. Qh6+ Kg8 23. g5 Qh5 24. Qxh5 Nxh5 25. h4 Nf4 26. f3 Nd3 27. Rab1 Nxe5 28. dxe5 d4 29. Ne4 Rxf3 30. Rxf3 Bxe4 31. Rf4 Bxb1 32. Rxd4 Rd8 33. Rxd8+ Bxd8 34. a3 Kf7 35. Kg2 Ke6 36. Kg3 Kxe5 37. Kg4 Bf5+ 38. Kh5 Kf4 39. g6 Bxg6+ 40. Kxg6 Bxh4 41. Kf7 b5 42. Ke6 Ke4 43. Kd6 Bf6 44. b3 Bb2 45. Kc5 Bxa3+ 46. Kxb5 Kd5 47. Ka6 Bc5 48. Kb5 Bf2 49. Ka4 Kd4 50. Kb4 Kd3 51. Ka3 Kc2 52. Kb4 Be1+ 53. Ka3 a5 54. Ka2 Bb4 55. Ka1 Kxb3 56. Kb1 Bc3 0-1

[Event "Foment Martinenc op-C 21st"]
[Site "Barcelona"]
[Date "2019.05.11"]
[Round "3"]
[White "Rodriguez Collado, Alex"]
[Black "Carbajal Gutierrez, Sergi Robert"]
[Result "1-0"]
[WhiteElo "1723"]
[BlackElo "1835"]
[PlyCount "49"]
[EventDate "2019.04.27"]
[EventType "swiss"]
[EventRounds "9"]
[EventCountry "ESP"]
[SourceTitle "EXT 2020"]
[Source "ChessBase"]
[SourceDate "2019.10.17"]
[SourceVersion "1"]
[SourceVersionDate "2019.10.17"]
[SourceQuality "1"]

1. e4 c5 2. d4 cxd4 3. c3 dxc3 4. Nxc3 a6 5. Nf3 Nc6 6. Bc4 d6 7. 0-0 Nf6 8. Re1 Bg4 9. Nd5 Nxd5 10. Bxd5 e6 11. Qa4 Bxf3 12. Bxc6+ bxc6 13. Qxc6+ Ke7 14. gxf3 Qc8 15. Qb6 Rb8 16. Qa5 Rb5 17. Qa3 Kd7 18. Qd3 d5 19. a4 Rc5 20. Be3 Ra5 21. Bb6 Bb4 22. Rec1 Qa8 23. Rc7+ Ke8 24. Rac1 Bc5 25. Bxa5 1-0

[Event "Barcelona Catalunya op 26th"]
[Site "Barcelona"]
[Date "2014.10.04"]
[Round "2"]
[White "Carbajal Gutierrez, Sergi Robert"]
[Black "Pinilla Sanchez, Josep A"]
[Result "1/2-1/2"]
[WhiteElo "1800"]
[BlackElo "2016"]
[PlyCount "71"]
[EventDate "2014.09.27"]
[EventType "swiss"]
[EventRounds "9"]
[EventCountry "ESP"]
[SourceTitle "EXT 2017"]
[Source "ChessBase"]
[SourceDate "2016.10.25"]
[SourceVersion "1"]
[SourceVersionDate "2016.10.25"]
[SourceQuality "1"]

1. d4 Nf6 2. c4 c5 3. Nf3 cxd4 4. Nxd4 e5 5. Nf3 Nc6 6. Nc3 Bb4 7. Qc2 Nd4 8. Qd1 Nxf3+ 9. exf3 0-0 10. Bg5 d5 11. Bxf6 Qxf6 12. Qxd5 Rd8 13. Qe4 Bf5 14. Qe3 Qe6 15. Be2 Bc5 16. Qc1 Bd3 17. 0-0 Rac8 18. Rd1 Qg6 19. a3 a5 20. Rd2 Bf5 21. Nd5 Be6 22. Qd1 Bxd5 23. Rxd5 Bd4 24. Rxd8+ Rxd8 25. Qc1 Qb6 26. Qe1 h6 27. Rd1 a4 28. h3 Qxb2 29. Rb1 Qxa3 30. Rxb7 Qc5 31. Rb5 Qc6 32. Qb4 Ra8 33. Bd3 Qc7 34. Rb7 Qd8 35. Bb1 a3 36. Qb3 1/2-1/2

[Event "Barcelona Torxa op 3rd"]
[Site "Barcelona"]
[Date "2010.09.05"]
[Round "6.14"]
[White "Gauchola Fernandez, Pol"]
[Black "Carbajal Gutierrez, Sergi Robert"]
[Result "1-0"]
[WhiteElo "1813"]
[BlackElo "1717"]
[PlyCount "213"]
[EventDate "2010.08.30"]
[EventType "swiss"]
[EventRounds "7"]
[EventCountry "ESP"]
[SourceTitle "EXT 2024"]
[Source "ChessBase"]
[SourceDate "2023.10.10"]
[SourceVersion "1"]
[SourceVersionDate "2023.10.10"]
[SourceQuality "1"]

1. e4 e5 2. Nf3 Nc6 3. Nc3 Nf6 4. Bc4 Bc5 5. 0-0 0-0 6. Nxe5 Nxe5 7. d4 Nxc4 8. dxc5 d6 9. b3 Ne5 10. f4 Bg4 11. Qd2 Nc6 12. h3 Bc8 13. Qe3 dxc5 14. Qxc5 Qd4+ 15. Qxd4 Nxd4 16. Be3 Nxc2 17. Bc5 Nxa1 18. Bxf8 Nxb3 19. e5 Kxf8 20. exf6 Nd4 21. Ne4 Ne2+ 22. Kh2 b6 23. fxg7+ Kxg7 24. f5 Kh8 25. f6 Ba6 26. Rd1 Nf4 27. Ng5 Kg8 28. Rd7 Bc4 29. a3 c5 30. g3 Ne6 31. Nxf7 Nf8 32. Nh6+ Kh8 33. Rg7 Ng6 34. h4 Bd5 35. Kg1 c4 36. Kf2 c3 37. Ke1 Bb3 38. Rc7 Re8+ 39. Kf2 c2 40. Rc6 Rf8 41. f7 Bxf7 42. Nxf7+ Rxf7+ 43. Kg2 Rg7 44. Kh3 h5 45. Rxc2 a6 46. Rc6 Ne5 47. Rxb6 Nd3 48. Rh6+ Kg8 49. Rxh5 Rf7 50. Rg5+ Kf8 51. Rg6 a5 52. Ra6 Rf5 53. Ra8+ Ke7 54. Ra7+ Kf8 55. Rd7 Nc5 56. Ra7 Nb3 57. Ra8+ Ke7 58. Rb8 Na1 59. Kg4 Rd5 60. Rg8 Nc2 61. Rg5 Rd4+ 62. Kh3 Ra4 63. h5 Kf6 64. Rg4 Rxa3 65. h6 Ra1 66. Kg2 Ne1+ 67. Kh2 Ra2+ 68. Kh3 Nf3 69. Rf4+ Kg5 70. Rxf3 Kxh6 71. g4 a4 72. Rf7 Ra3+ 73. Kh4 Rc3 74. Ra7 Ra3 75. g5+ Kg6 76. Ra6+ Kf5 77. g6 Kf4 78. g7 Ra1 79. Kh5 Kf5 80. Ra5+ Kf6 81. g8Q Rh1+ 82. Kg4 Rg1+ 83. Kf3 Rxg8 84. Rxa4 Ke6 85. Ra5 Rf8+ 86. Ke4 Kd7 87. Ra6 Re8+ 88. Kd5 Rc8 89. Rd6+ Ke7 90. Re6+ Kd7 91. Rf6 Kd8 92. Rf7 Ke8 93. Rh7 Kd8 94. Kd6 Ke8 95. Rh8+ Kf7 96. Rxc8 Kf6 97. Rf8+ Kg7 98. Rf1 Kg6 99. Ke6 Kg5 100. Ke5 Kg4 101. Ke4 Kg3 102. Rf3+ Kg2 103. Rf8 Kh3 104. Kf4 Kh2 105. Kf3 Kh1 106. Kf2 Kh2 107. Rh8# 1-0